| 000 | 00000nam 2200000zi 4500 |
| 001 | 9.945504 |
| 003 | CaOODSP |
| 005 | 20241125110339 |
| 006 | m o d f |
| 007 | cr |n||||||||| |
| 008 | 241125t19931993onc ob f000 0 fre d |
| 020 | |z0662587820 |
| 040 | |aCaOODSP|bfre|erda|cCaOODSP |
| 043 | |an-cn--- |
| 086 | 1 |aCP22-39/1993F-PDF|zCP22-39/1993 |
| 245 | 03|aLa responsabilité constitutionnelle. |
| 264 | 1|a[Ottawa] : |bBureau du Conseil privé, |c1993. |
| 264 | 4|c©1993 |
| 300 | |a1 ressource en ligne (105 pages) |
| 336 | |atexte|btxt|2rdacontent/fre |
| 337 | |ainformatique|bc|2rdamedia/fre |
| 338 | |aressource en ligne|bcr|2rdacarrier/fre |
| 500 | |aÉdition numérisée de l'imprimée [par Direction des publications du Gouvernement du Canada]. |
| 500 | |aPublié aussi en anglais sous le titre : Responsibility in the Constitution. |
| 504 | |aComprend des références bibliographiques. |
| 650 | 6|aResponsabilité ministérielle|zCanada. |
| 650 | 6|aMinistères|zCanada. |
| 650 | 6|aResponsabilité administrative|zCanada. |
| 651 | 6|aCanada|xPolitique et gouvernement. |
| 710 | 1 |aCanada. |bBureau du Conseil privé, |eorganisme de publication. |
| 775 | 08|tResponsibility in the Constitution.|w(CaOODSP)9.945495 |
| 856 | 40|qPDF|s4.54 Mo|uhttps://publications.gc.ca/collections/collection_2024/bcp-pco/CP22-39-1993-fra.pdf |